ბათუმის შოთა რუსთაველის სახელმწიფო უნივერსიტეტის ბიბლიოთეკა

Основы релейной защиты. (ბიბ.ჩანაწერი № 38748)

000 -LEADER
fixed length control field 00626nam a2200217Ia 4500
001 - CONTROL NUMBER
control field 5065
003 - CONTROL NUMBER IDENTIFIER
control field GE_BSU
008 - FIXED-LENGTH DATA ELEMENTS--GENERAL INFORMATION
fixed length control field 181216s||||||||xx |||||||||||||| ||und||
040 ## - CATALOGING SOURCE
Transcribing agency GE_BSU
080 ## - UNIVERSAL DECIMAL CLASSIFICATION NUMBER
Universal Decimal Classification number 621.316.9
100 ## - MAIN ENTRY--PERSONAL NAME
Personal name Федосеев,А.М.
245 ## - TITLE STATEMENT
Title Основы релейной защиты.
245 ## - TITLE STATEMENT
Statement of responsibility, etc. Ред. А.К.Мержанов.
260 ## - PUBLICATION, DISTRIBUTION, ETC.
Place of publication, distribution, etc. М.-Л.
260 ## - PUBLICATION, DISTRIBUTION, ETC.
Name of publisher, distributor, etc. Госэнергоиздат.
260 ## - PUBLICATION, DISTRIBUTION, ETC.
Date of publication, distribution, etc. 1961.
300 ## - PHYSICAL DESCRIPTION
Extent 440 стр. с илл. 27 см. Библиогр.: стр. 430-437.
300 ## - PHYSICAL DESCRIPTION
Accompanying material Чертеж.
653 ## - INDEX TERM--UNCONTROLLED
Uncontrolled term Основы релейной защиты.
942 ## - ADDED ENTRY ELEMENTS (KOHA)
Koha item type წიგნი
ეგზემპლარები
Withdrawn status Lost status Damaged status Not for loan Date acquired Barcode Date last seen Price effective from Koha item type
        2018-12-17 10944 2018-12-17 2018-12-17 წიგნი